| 000 | 00805nam a2200229 i 4500 | ||
|---|---|---|---|
| 001 | 188636 | ||
| 003 | ES-MaACL | ||
| 005 | 20250824081508.0 | ||
| 007 | t| | ||
| 008 | 190116s1964 sp ||||1| spa d | ||
| 100 | 1 |
_aBeckett, Samuel, _d1906-1989 _9240713 |
|
| 245 | 1 | 3 |
_aLa última cinta; _bActo sin palabras : con diversos ensayos y comentarios / _cSamuel Beckett ; [traducción de, Luce Moreau Arrabal, José Manuel Azpeitia]. |
| 246 | 3 | _aActo sin palabras | |
| 260 |
_aBarcelona : _bAymá, _c1964. |
||
| 300 |
_a136 p., 2 lám. ; _c19 cm. |
||
| 490 | 1 |
_aVoz imagen. Teatro ; _v5 |
|
| 700 | 1 |
_aAzpeitia, José Manuel. _9165968 |
|
| 700 | 1 |
_aMoreau Arrabal, Luce. _9147739 |
|
| 830 | 1 | 0 |
_aVoz imagen. _pTeatro _v5 _9193124 |
| 852 |
_aES-MaACL _jP-295-Ter-4 |
||
| 999 |
_c188636 _d188636 |
||